Загрузка...
Grihapaadham
| Главный автор: | |
|---|---|
| Формат: | Printed Book |
| Опубликовано: |
Kozhikode, Aksharam publications
1994
|
| LEADER | 003760000a22001210004500 | ||
|---|---|---|---|
| 040 | |a MAL | ||
| 082 | |a A3 KOC/G N4 | ||
| 100 | |a Kochubava, T V | ||
| 245 | |a Grihapaadham | ||
| 260 | |a Kozhikode, Aksharam publications | ||
| 260 | |c 1994 | ||
| 999 | |c 22039 |d 22039 | ||
| 952 | |0 0 |1 0 |4 0 |6 A_000000000000000_3_KOCG_N4 |7 0 |8 MAL |9 21857 |a MGUL |b MGUL |d 2013-07-16 |l 0 |o A3 KOC/G N4 |p 23543 |r 2013-07-16 |w 2013-07-16 |y BK | ||